000 00534nam a2200205Ia 4500
003 GCL
008 140319s9999 xx 000 0 eng d
040 _aGCL /
_cGCL
082 0 4 _a751.4
_bK G
100 1 _aKATCHEN, CAROLE
245 1 0 _a200 GREAT PAINTING IDEAS FOR ARTISTS /
_cKATCHEN, CAROLE
260 _a[S.N] :
_bNORTH LIGHT BOOKS ،
_c1997
300 _a144 P
650 0 4 _aARTS
650 0 4 _aARTISTS
650 0 4 _aPAINTINGS
650 0 4 _aPAINTING - TECHNIQUE
650 0 4 _aPAINTING - THEMES, MOVIES
942 _2ddc
_cBK
999 _c16428
_d16428